Statistics for Fast typing A-Z order

Click here to take the quiz!

General Stats

  • This quiz has been taken 35 times
  • The average score is 25 of 26

Answer Stats

Answer% Correct
A
100%
B
100%
C
100%
D
100%
E
100%
F
100%
G
100%
H
100%
I
100%
J
100%
K
100%
L
100%
M
100%
N
100%
O
100%
P
100%
Q
95%
R
95%
S
95%
T
95%
U
95%
V
95%
W
95%
X
91%
Y
86%
Z
86%

Score Distribution

Percentile by Number Answered

Percent of People with Each Score

Your Score History

You have not taken this quiz